|
|
|
|
| LEADER |
00000nab a2200000 ar4500 |
| 001 |
vtls008994558 |
| 003 |
SK-MaSNL |
| 005 |
20260318124825.0 |
| 008 |
060727c2006 xo |||||||| 000 b|hun |
| 015 |
|
|
|a SNBRB2006/07
|2 snkbucl
|
| 038 |
|
|
|a SNKBUCL
|
| 040 |
|
|
|a DSZK
|b slo
|c DSZK
|e AACR2
|
| 041 |
0 |
|
|a hun
|
| 044 |
|
|
|a xo
|c SK
|
| 080 |
|
|
|a 783
|x "16/18"
|2 1997
|
| 100 |
1 |
|
|a Süll, Kinga
|4 aut
|9 303339
|
| 245 |
1 |
3 |
|a Az egyházi zene virágkora
|b (1600-1800)
|n (l.)
|c Süll Kinga
|
| 300 |
|
|
|b Obr.
|
| 648 |
|
7 |
|a 17.-19. stor.
|2 snkbucl
|9 279495
|
| 650 |
0 |
7 |
|a cirkevná hudba
|2 snkbucl
|9 1748
|
| 650 |
0 |
7 |
|a dejiny hudby
|2 snkbucl
|9 3387
|
| 773 |
0 |
|
|t Kálvinista szemle
|g Évf. LXXVII, sz. 7-8 (2006), o. 6
|x 1335-7298
|
| 852 |
|
|
|a SNK
|b KIS3GCP
|
| 852 |
|
|
|a DSZK
|b KIS3GCP
|
| 958 |
|
|
|a HU
|
| 958 |
|
|
|a NT
|
| 999 |
|
|
|c 2575702
|d 2577632
|